| 000 | 00522nam a2200181Ia 4500 | ||
|---|---|---|---|
| 008 | 240925s9999 xx 000 0 und d | ||
| 020 | _a413278603 | ||
| 082 | _a796.44 BOW | ||
| 100 | _aBowen, Rowland | ||
| 245 | 0 | _aCricket: a history of its growth and development throughout the world | |
| 250 | _aNA | ||
| 260 |
_aLondon: _bEyre & Spottiswoode _c,1970. |
||
| 300 |
_a256p. _bV.A _fOriginal |
||
| 500 | _aIncludes Reference | ||
| 600 | _aHumanities & Natural Science | ||
| 650 | _aArts and Recreation | ||
| 942 | _cBK | ||
| 999 |
_c12014 _d12014 |
||